000 00723nam a2200241Ia 4500
003 OSt
005 20220926015540.0
006 a|||||r|||| 00| 0
007 ta
008 220923b |||||||| |||| 00| 0 eng d
037 _cGeneral Book
040 _aRTL
_cRTL
_beng
041 _2eng
_aeng
082 _aY73(P6):4.73.N7, L2
100 _aCloward Richard A
_9118159
245 0 _aPolitics of Turmoil
_bEssays on poverty, race and th
260 _aNew York
_bPantheon Books
_c1972
300 _axiv, 365p
_ccm.
650 _aNegroes
700 _a Piven Frances Fox
_9118158
942 _hY73(P6):4.73.N7, L2
_cGB
_2CC
999 _c631975
_d631975